[Event "World op 22nd"]
[Site "Philadelphia"]
[Date "1994.??.??"]
[Round "?"]
[White "Lputian, Smbat G"]
[Black "Vaganian, Rafael A"]
[Result "1/2-1/2"]
[WhiteElo "2590"]
[BlackElo "2625"]
[EventDate "1994.06.??"]

1. d4 d5 2. c4 e6 3. Nc3 Be7 4. cxd5 exd5 5. Bf4 c6 6. e3 Bf5 7. Bd3 Bxd3 
8. Qxd3 Bd6 9. Bxd6 Qxd6 10. Nf3 Nf6 11. O-O O-O 1/2-1/2

[Event "Amber-rapid 4th"]
[Site "Monte Carlo"]
[Date "1995.??.??"]
[Round "2"]
[White "Lautier, Joel"]
[Black "Piket, Jeroen"]
[Result "1/2-1/2"]
[WhiteElo "2655"]
[BlackElo "2670"]
[EventDate "1995.03.??"]

1. c4 e6 2. Nc3 d5 3. d4 Nf6 4. cxd5 exd5 5. Bg5 c6 6. Qc2 Na6 7. e3 Nc7 
8. Bd3 Ne6 9. Bh4 Be7 10. Nge2 Nh5 11. Bxe7 Qxe7 12. O-O-O Nf6 13. Kb1 Bd7
14. f3 O-O-O 15. h3 Kb8 16. e4 dxe4 17. fxe4 Nc7 18. Ng1 Nh5 19. Nf3 Nf4 
20. Bc4 f6 21. Rhe1 Qb4 22. Bb3 Rhe8 23. a3 Qa5 24. Ka1 Be6 25. Bxe6 Rxe6 
26. e5 Ng6 27. exf6 gxf6 28. Rxe6 Nxe6 29. d5 cxd5 30. Qf5 Qb6 31. Rxd5 
Rxd5 32. Nxd5 Qc6 33. Nxf6 Qc1+ 34. Qb1 Qc4 35. Nd7+ Kc8 36. Nde5 Nxe5 37.
 Nxe5 Qe2 38. Qc1+ Kd8 39. Ng4 Qxg2 40. Qc4 Ke7 41. Qd3 h5 42. Ne3 Qg5 43.
 Nd5+ Kf7 44. Qb5 Qc1+ 45. Ka2 Nc5 46. Qe2 Qg5 47. Qf3+ Ke6 48. Nf4+ Kd6 
49. Qd1+ Kc6 50. Nxh5 Qf5 51. h4 a5 52. Ng3 Qf4 53. Ne2 Qc4+ 54. Ka1 Qxh4 
55. Nc3 Qc4 56. Qf3+ Kc7 57. Qg3+ Kc6 58. Qg6+ Kc7 59. Qg7+ Kc6 60. Qf6+ 
Kc7 61. Qe7+ Kc6 62. Qd8 1/2-1/2

[Event "Amber-rapid 4th"]
[Site "Monte Carlo"]
[Date "1995.??.??"]
[Round "10"]
[White "Karpov, Anatoly"]
[Black "Piket, Jeroen"]
[Result "1/2-1/2"]
[WhiteElo "2780"]
[BlackElo "2670"]
[EventDate "1995.03.??"]

1. d4 Nf6 2. Nf3 e6 3. c4 d5 4. Nc3 Nbd7 5. cxd5 exd5 6. Bg5 Be7 7. e3 O-O
8. Bd3 c6 9. Qc2 Re8 10. O-O Nf8 11. h3 g6 12. Bxf6 Bxf6 13. b4 Be6 14. a4
Rc8 15. Rfc1 Qd6 16. Qb3 Nd7 17. Ne2 Be7 18. b5 c5 19. dxc5 Nxc5 20. Qd1 
Bf6 21. Nfd4 Bd7 22. Bc2 Bg7 23. Bb1 a6 24. Ba2 axb5 25. axb5 Ne6 26. Qd2 
Red8 27. Rab1 Rxc1+ 28. Rxc1 Ra8 29. Bb3 Ra3 30. Rb1 Nxd4 31. Nxd4 Bxd4 
32. Qxd4 Bf5 33. Rb2 Ra1+ 34. Bd1 b6 35. Rd2 Rb1 36. e4 Rb4 37. Qxd5 Qxd5 
38. exd5 Rxb5 39. d6 Bd7 40. Bg4 f5 41. Bf3 Kf8 42. g3 Rb4 43. h4 b5 44. 
Kf1 h6 45. Bd5 g5 46. hxg5 hxg5 47. Ke2 f4 48. gxf4 Rxf4 49. Ke3 Rf6 50. 
Bb3 Ke8 51. Rd5 Bc6 52. Re5+ Kd7 53. Bd1 Kxd6 54. Rxg5 Bd5 1/2-1/2

[Event "Amsterdam m"]
[Site "Amsterdam"]
[Date "1995.09.27"]
[Round "5"]
[White "Piket, Jeroen"]
[Black "Timman, Jan H"]
[Result "1-0"]
[WhiteElo "2625"]
[BlackElo "2595"]
[EventDate "1995.09.??"]

1. d4 Nf6 2. c4 e6 3. Nf3 d5 4. Nc3 Nbd7 5. cxd5 exd5 6. Bg5 c6 7. e3 Be7 
8. Bd3 Nh5 9. Nd2 Bxg5 10. Qxh5 Be7 11. h3 g6 12. Qe2 Nb6 13. a3 Be6 14. 
g4 Bd6 15. f4 Qe7 16. Nf3 f6 17. O-O-O O-O-O 18. Kb1 Kb8 19. Qg2 Nc4 20. 
Bxc4 dxc4 21. Rhe1 Bc7 22. Qc2 Bf7 23. Ka1 g5 24. fxg5 fxg5 25. e4 Bg6 26.
 d5 Rhf8 27. Nd4 cxd5 28. Nf5 Bxf5 29. exf5 Qc5 30. Re6 Bf4 31. b4 cxb3 
32. Qxb3 Rd7 33. Ne2 d4 34. Rd3 Rc8 35. h4 Be3 36. Rexe3 dxe3 37. Rxd7 Qc6
38. Rd3 gxh4 39. Rxe3 Qg2 40. Qd3 Qxg4 41. f6 a6 42. Rf3 h3 43. Rxh3 Qe6 
44. Rf3 Rf8 45. Nc3 Qe5 1-0

[Event "Balatonbereny GM"]
[Site "Balatonbereny"]
[Date "1995.??.??"]
[Round "6"]
[White "Gyimesi, Zoltan"]
[Black "Pinter, Jozsef"]
[Result "1/2-1/2"]
[WhiteElo "2525"]
[BlackElo "2565"]
[EventDate "1995.08.??"]

1. d4 Nf6 2. c4 e6 3. Nf3 d5 4. Nc3 c6 5. Bg5 Nbd7 6. cxd5 exd5 7. e3 Bd6 
8. Bd3 Nf8 9. Qc2 Ng6 10. Nh4 O-O 11. O-O-O Be7 12. Nxg6 fxg6 13. f3 Be6 
14. Kb1 Qd7 15. Rhe1 Rae8 16. h3 Kh8 17. Bf4 Nh5 18. Be5 Bh4 19. Rg1 Bg3 
20. f4 Bf5 21. Ne2 Bxd3 22. Qxd3 Qf5 23. Qxf5 gxf5 24. Rdf1 Re6 25. Kc2 
Rg6 26. Kd3 h6 27. b4 a6 28. a3 Kh7 29. Rh1 Bh4 30. Rhg1 Ng3 31. Nxg3 Bxg3
32. Ke2 Ra8 33. Rb1 h5 34. Kf3 Kg8 35. a4 Kh7 36. Rb2 Kh6 37. Rbb1 Rd8 38.
 Rb2 Rg8 39. Rbb1 Kh7 40. Rb2 Re8 41. Rbb1 Re7 42. b5 cxb5 43. axb5 h4 44.
 Rgc1 Rb6 45. Rc5 Rd7 46. Ke2 Kg6 47. Bc7 Rxb5 48. Rcxb5 axb5 49. Be5 Kf7 
50. Rxb5 Kg6 51. Rb6+ Kf7 52. Kd2 Bf2 53. Rb1 Re7 54. Ke2 Bg3 55. Rb5 Rd7 
56. Rb6 Bh2 1/2-1/2

[Event "Belgrade Trako"]
[Site "Belgrade"]
[Date "1995.??.??"]
[Round "13"]
[White "Komarov, Dimitri"]
[Black "Timoshenko, Georgy"]
[Result "1/2-1/2"]
[WhiteElo "2575"]
[BlackElo "2555"]
[EventDate "1995.03.??"]

1. d4 d5 2. c4 e6 3. Nc3 Be7 4. cxd5 exd5 5. Bf4 c6 6. e3 Bd6 7. Bg3 Ne7 
8. Bd3 Bf5 9. Bxd6 Qxd6 10. Nf3 Bxd3 11. Qxd3 Nd7 12. O-O O-O 13. Rab1 a5 
1/2-1/2

[Event "Biel"]
[Site "Biel"]
[Date "1995.??.??"]
[Round "6"]
[White "Gavrikov, Viktor"]
[Black "Campora, Daniel Hugo"]
[Result "1/2-1/2"]
[WhiteElo "2605"]
[BlackElo "2550"]
[EventDate "1995.07.??"]

1. d4 d5 2. c4 e6 3. Nc3 Nf6 4. cxd5 exd5 5. Bg5 Be7 6. e3 O-O 7. Bd3 Nbd7
8. Qc2 c6 9. Nf3 Re8 10. O-O Nf8 11. Rab1 Be6 12. b4 a6 13. Rfc1 Bd6 14. 
a4 Rc8 15. e4 dxe4 16. Nxe4 Be7 17. Nc5 Rc7 18. Re1 h6 19. Bf4 Bd6 20. Ne5
Nd5 21. Bg3 Rce7 22. b5 axb5 23. axb5 f6 24. Nf3 Bc8 25. Rxe7 Rxe7 26. 
bxc6 bxc6 27. Ne4 Bxg3 28. hxg3 Bd7 29. Qc5 Be8 30. Nd6 Ne6 31. Qa3 g6 32.
 Rc1 Kg7 33. Kh2 Nf8 34. Nxe8+ Qxe8 35. Qc5 Rc7 36. Bc4 Nd7 37. Qa5 N7b6 
38. Bd3 g5 39. Rb1 Nc8 40. Qc5 Nce7 41. Re1 Qb8 42. Bc4 Qb4 43. Re6 g4 44.
 Ne1 Qxc5 45. dxc5 Nb4 46. f3 1/2-1/2

[Event "CRO-ch"]
[Site "Slavonski Brod"]
[Date "1995.??.??"]
[Round "?"]
[White "Lalic, Bogdan"]
[Black "Dizdar, Goran"]
[Result "1/2-1/2"]
[WhiteElo "2590"]
[BlackElo "2510"]
[EventDate "1995.02.??"]

1. c4 e6 2. Nc3 d5 3. d4 Bb4 4. cxd5 exd5 5. Bf4 Ne7 6. e3 c6 7. Bd3 Bf5 
8. Bxf5 Nxf5 9. Qb3 Qe7 10. Ne2 O-O 11. O-O-O a5 12. Kb1 Nd7 13. g4 
1/2-1/2

[Event "Capablanca mem Elite 30th"]
[Site "Matanzas"]
[Date "1995.??.??"]
[Round "1"]
[White "Miles, Anthony J"]
[Black "Nogueiras, Jesus"]
[Result "1/2-1/2"]
[WhiteElo "2615"]
[BlackElo "2550"]
[EventDate "1995.05.??"]

1. d4 e6 2. c4 d5 3. Nc3 c6 4. cxd5 exd5 5. Bf4 Bd6 6. Bg3 Ne7 7. e3 O-O 
8. Nf3 a5 9. Rc1 Na6 10. a3 Nc7 11. Na4 Ne8 12. Qb3 Bxg3 13. hxg3 Nd6 14. 
Qb6 Bf5 15. Be2 h6 16. Ne5 Nec8 17. Qxd8 Rxd8 18. g4 Bh7 19. b3 f6 20. Nd3
Re8 21. Ndc5 Re7 22. O-O Kf8 23. Rfe1 Bg6 24. Bf1 Ke8 25. f3 Kd8 26. Kf2 
Kc7 27. Nc3 Nb6 28. a4 Rae8 29. Nd3 Kb8 30. Nd1 Nd7 31. Nf4 1/2-1/2

[Event "Chigorin mem"]
[Site "St Petersburg"]
[Date "1995.??.??"]
[Round "8"]
[White "Kharitonov, Andrei Y"]
[Black "Sulskis, Sarunas"]
[Result "1/2-1/2"]
[WhiteElo "2550"]
[BlackElo "2505"]
[EventDate "1995.09.??"]

1. d4 Nf6 2. Nf3 e6 3. c4 d5 4. Nc3 Nbd7 5. cxd5 exd5 6. Bg5 Be7 7. e3 O-O
8. Bd3 Re8 9. O-O c6 10. Qc2 Nf8 11. Ne5 N6d7 12. Bxe7 Qxe7 13. Nxd7 Bxd7 
14. b4 Qd6 15. Ne2 Re6 16. Rab1 Rh6 17. Ng3 Ng6 18. b5 Nh4 19. bxc6 Bxc6 
20. Rfc1 Qd7 21. Qc5 a6 22. Rb6 f5 23. Rbb1 Rf6 24. Qc2 Re8 25. Re1 g5 26.
 f4 h6 27. Qf2 Qf7 28. Nf1 Ng6 29. g3 Ne7 30. Nd2 g4 31. Nb3 Nc8 32. Nc5 
Nd6 33. Bf1 Ne4 34. Nxe4 Rxe4 35. Bd3 1/2-1/2

[Event "Chigorin mem"]
[Site "St Petersburg"]
[Date "1995.??.??"]
[Round "9"]
[White "Sakaev, Konstantin"]
[Black "Kharitonov, Andrei Y"]
[Result "1/2-1/2"]
[WhiteElo "2570"]
[BlackElo "2550"]
[EventDate "1995.09.??"]

1. d4 Nf6 2. c4 e6 3. Nc3 d5 4. cxd5 exd5 5. Bg5 Be7 6. e3 c6 7. Bd3 Nbd7 
8. Nge2 Nf8 9. Qc2 Ne6 10. Bh4 g6 11. f3 Nh5 12. Bf2 f5 13. O-O-O 1/2-1/2

[Event "Elenite"]
[Site "Elenite"]
[Date "1995.??.??"]
[Round "3"]
[White "Tukmakov, Vladimir B"]
[Black "Miladinovic, Igor"]
[Result "1/2-1/2"]
[WhiteElo "2600"]
[BlackElo "2555"]
[EventDate "1995.09.??"]

1. d4 d5 2. c4 e6 3. Nc3 Nf6 4. cxd5 exd5 5. Bg5 c6 6. e3 Be7 7. Bd3 Nbd7 
8. Nge2 O-O 9. Qc2 Re8 10. O-O Nf8 11. f3 Ng6 12. Rad1 Be6 13. Kh1 Rc8 14.
 Ng3 Nh5 15. Bxe7 Nxg3+ 16. hxg3 Qxe7 17. Kg1 c5 18. Bxg6 hxg6 19. dxc5 
Qxc5 20. Rd4 b5 21. a3 Qb6 22. Rfd1 Rc4 23. Kf2 a6 24. Qe2 Rxd4 25. Rxd4 
Qc5 26. Qd2 Rd8 27. b4 Qb6 28. Nxd5 Rxd5 29. Rxd5 Bxd5 30. Qxd5 Qf6 31. 
Qd4 Qe6 32. Qc3 Kh7 33. g4 Qa2+ 34. Kg3 f6 35. g5 fxg5 36. e4 Qe2 37. Qc1 
Qd3 38. Kg4 Qc4 39. Qxg5 Qa2 40. Qh4+ Kg8 41. Qd8+ Kh7 42. Qh4+ Kg8 43. 
Qg3 Qxa3 44. Qd6 Qb2 45. g3 Kh8 46. Kg5 Qh2 47. Kf4 Qh6+ 48. Ke5 Qh5+ 49. 
Kd4 Qxf3 50. Qxg6 Qf2+ 51. Kd5 Qd2+ 52. Kc6 Qxb4 53. Qe8+ Kh7 54. Qh5+ Kg8
55. Qe8+ Kh7 56. Qh5+ Kg8 1/2-1/2

[Event "Elenite"]
[Site "Elenite"]
[Date "1995.??.??"]
[Round "4"]
[White "Miladinovic, Igor"]
[Black "Azmaiparashvili, Zurab"]
[Result "1/2-1/2"]
[WhiteElo "2555"]
[BlackElo "2620"]
[EventDate "1995.09.??"]

1. d4 Nf6 2. c4 e6 3. Nc3 d5 4. cxd5 exd5 5. Bg5 c6 6. e3 Bf5 7. Qf3 Bg6 
8. Bxf6 Qxf6 9. Qxf6 gxf6 10. Nge2 Bd6 11. g3 Nd7 12. Nf4 a5 13. h4 a4 14.
 h5 Bf5 15. Bd3 Bxd3 16. Nxd3 f5 17. Ke2 Rg8 18. b3 axb3 19. Rhb1 Nf6 20. 
Rxb3 Ne4 21. Nxe4 fxe4 22. Nc5 b5 23. a4 Bxc5 24. dxc5 Ke7 25. Rba3 Rgb8 
26. axb5 Rxa3 27. Rxa3 Rxb5 28. Ra8 Kf6 29. Rg8 Rxc5 30. g4 Rc2+ 31. Kf1 
Rc1+ 32. Kg2 c5 33. g5+ Kf5 34. Rg7 c4 35. Rxf7+ Kxg5 36. Rxh7 Rd1 37. h6 
Kh5 38. Rh8 Kg6 39. Kh2 Rd2 40. Kg3 c3 41. Rc8 c2 42. Rc6+ Kh7 43. Kf4 
Rxf2+ 44. Kg5 Rg2+ 45. Kh5 Rh2+ 46. Kg5 Kg8 47. Rc7 Kf8 48. h7 Rxh7 49. 
Rxc2 Rh3 50. Rd2 Ke7 51. Rxd5 Ke6 52. Ra5 1/2-1/2

[Event "Gausdal Int"]
[Site "Gausdal"]
[Date "1995.??.??"]
[Round "2"]
[White "Tisdall, Jonathan D"]
[Black "Sulskis, Sarunas"]
[Result "1-0"]
[WhiteElo "2500"]
[BlackElo "2505"]
[EventDate "1995.08.??"]

1. Nf3 d5 2. d4 Nf6 3. c4 e6 4. Nc3 Nbd7 5. cxd5 exd5 6. Bf4 c6 7. e3 Be7 
8. h3 Nf8 9. Bd3 Ne6 10. Bh2 O-O 11. Qc2 g6 12. O-O Ng7 13. a3 Bf5 14. b4 
a6 15. Na4 Bd6 16. Be5 Bxd3 17. Qxd3 Bxe5 18. Nxe5 Nf5 19. Nc5 Nd6 20. a4 
Qe7 21. Rae1 Rad8 22. f3 Nh5 23. e4 Qg5 24. Ng4 b6 25. Nxa6 Nf4 26. Qe3 
Nc4 27. Qc1 h5 28. h4 Qxh4 29. Qxf4 hxg4 30. fxg4 dxe4 31. Rxe4 Nd6 32. 
Re3 Qh8 33. Re7 Qg7 34. Nc7 g5 35. Qf2 Qg6 36. d5 Ne4 37. Qf5 cxd5 38. 
Nxd5 Qxf5 39. Rxf5 Nd6 40. Rxg5+ Kh7 41. Nxb6 1-0

[Event "Hoogovens op"]
[Site "Wijk aan Zee"]
[Date "1995.01.??"]
[Round "5"]
[White "Van der Sterren, Paul"]
[Black "Hansen, Lars Bo"]
[Result "1/2-1/2"]
[WhiteElo "2560"]
[BlackElo "2565"]
[EventDate "1995.01.??"]

1. d4 d5 2. c4 c6 3. Nf3 Nf6 4. Nc3 e6 5. Bg5 Nbd7 6. cxd5 exd5 7. e3 Be7 
8. Bd3 O-O 9. Qc2 Re8 10. O-O Nf8 11. Rab1 g6 12. b4 Ne6 13. Bh4 a6 14. a4
Ng7 15. b5 axb5 16. axb5 Bf5 17. bxc6 bxc6 18. Ne5 Rc8 19. Rb7 Qd6 20. Na4
Bxd3 21. Qxd3 Ne4 22. Bxe7 Rxe7 23. Rxe7 Qxe7 24. Qa6 Qe8 25. Nb6 Rc7 26. 
Rc1 Ne6 27. f3 Nf6 28. Na8 Rc8 29. Nb6 Rc7 30. Na4 Nd7 31. Nxd7 Qxd7 32. 
Nc5 Nxc5 33. Rxc5 Qe7 34. Qd3 1/2-1/2

[Event "Hoogovens op"]
[Site "Wijk aan Zee"]
[Date "1995.01.??"]
[Round "8"]
[White "Piket, Jeroen"]
[Black "Hansen, Lars Bo"]
[Result "1/2-1/2"]
[WhiteElo "2670"]
[BlackElo "2565"]
[EventDate "1995.01.??"]

1. d4 d5 2. c4 c6 3. Nc3 Nf6 4. Nf3 e6 5. Bg5 Nbd7 6. cxd5 exd5 7. e3 Be7 
8. Qc2 O-O 9. Bd3 Re8 10. O-O Nf8 11. Rab1 Ng6 12. b4 a6 13. h3 Ne4 14. 
Bxe7 Qxe7 15. Bxe4 dxe4 16. Nd2 Bf5 17. Ne2 Nh4 18. Ng3 Qe6 19. Kh2 Rad8 
20. Rg1 Rd5 21. Rbc1 Bg6 22. Qb2 f6 23. Rc5 Qe7 24. Rgc1 Red8 25. a4 f5 
26. b5 axb5 27. axb5 Be8 28. bxc6 Bxc6 29. Ne2 Ng6 30. Rxd5 Bxd5 31. Nc3 
Bc6 32. Qb3+ Kh8 33. d5 Qc7+ 34. Kg1 Bxd5 35. Qb2 Bc6 36. Nc4 f4 37. Ne2 
f3 38. Nd4 Qd7 39. Nxc6 bxc6 40. Ne5 Nxe5 41. Qxe5 Re8 42. Qd4 Qe6 43. 
gxf3 exf3 44. Kh2 Rc8 45. Qf4 c5 46. Rxc5 Rxc5 47. Qf8+ Qg8 48. Qxc5 Qb8+ 
1/2-1/2

[Event "Minsk"]
[Site "Minsk"]
[Date "1995.??.??"]
[Round "8"]
[White "Tunik, Gennady"]
[Black "Ivanov, Sergey"]
[Result "1/2-1/2"]
[WhiteElo "2530"]
[BlackElo "2535"]
[EventDate "1995.??.??"]

1. d4 Nf6 2. c4 e6 3. Nc3 d5 4. cxd5 exd5 5. Bg5 c6 6. e3 Qb6 7. Qb3 Be7 
8. Bd3 Na6 9. Nge2 Qxb3 10. axb3 Nb4 11. Bb1 O-O 12. O-O b6 13. Rd1 Re8 
14. h3 a5 15. Bf4 Ba6 16. Ng3 g6 17. Bc7 Bd8 18. Bxd8 Rexd8 19. f3 h5 20. 
e4 h4 21. Nge2 dxe4 22. fxe4 Nd7 23. Kf2 c5 24. d5 Ne5 25. Nc1 Rac8 26. 
N3a2 Nbc6 27. Ke1 Nd4 28. b4 axb4 29. Nxb4 Bb5 30. Nc2 Nxc2+ 31. Bxc2 Nc4 
32. Bd3 Nd6 33. Bxb5 Nxb5 34. Kf2 Nd6 35. Kf3 Re8 36. Re1 c4 37. Re3 Rc5 
38. Ne2 Rb5 39. Ra2 Rb3 40. Rxb3 cxb3 41. Ra4 Re5 42. Kf4 f6 43. Rb4 g5+ 
44. Kf3 f5 45. Nc3 fxe4+ 46. Nxe4 Nxe4 47. Rxe4 Rxd5 48. Rb4 Rf5+ 49. Ke3 
b5 1/2-1/2

[Event "Moscow op2"]
[Site "Moscow"]
[Date "1995.??.??"]
[Round "5"]
[White "Malaniuk, Vladimir P"]
[Black "Burmakin, Vladimir"]
[Result "1-0"]
[WhiteElo "2580"]
[BlackElo "2500"]
[EventDate "1995.11.??"]

1. d4 d5 2. c4 e6 3. Nc3 Nf6 4. cxd5 exd5 5. Bg5 c6 6. e3 Be7 7. Qc2 Nbd7 
8. Bd3 h6 9. Bh4 Nh5 10. Bxe7 Qxe7 11. O-O-O Nhf6 12. Nge2 Nb6 13. Kb1 Be6
14. h3 O-O-O 15. g4 Kb8 16. Ng3 Rc8 17. Rc1 h5 18. g5 Ne8 19. h4 c5 20. 
dxc5 Rxc5 21. Qe2 Bg4 22. f3 Bd7 23. Qf2 Rc7 24. Nce2 g6 25. e4 Rxc1+ 26. 
Rxc1 Nc7 27. f4 Bb5 28. Bxb5 Nxb5 29. f5 dxe4 30. Qf4+ Nc7 31. Qxe4 Qxe4+ 
32. Nxe4 gxf5 33. Nd6 Ne6 34. Rf1 Rd8 35. Nxf7 Rd2 36. Nf4 Nxf4 37. Rxf4 
Nd5 38. Rc4 f4 39. Ne5 b5 40. Rc2 Rxc2 41. Kxc2 Kc7 42. Kd3 Kd6 43. Ke4 
Ke6 44. a3 a5 45. Nf3 b4 46. Nd4+ Kd6 47. Nf5+ Kc5 48. axb4+ axb4 49. g6 
Nf6+ 50. Kxf4 Kc4 51. g7 Ng8 52. Kg5 Kb3 1-0

[Event "Nikolaev zt"]
[Site "Nikolaev"]
[Date "1995.??.??"]
[Round "5"]
[White "Aleksandrov, Aleksej"]
[Black "Lerner, Konstantin Z"]
[Result "0-1"]
[WhiteElo "2510"]
[BlackElo "2560"]
[EventDate "1995.03.??"]

1. d4 Nf6 2. c4 e6 3. Nc3 Bb4 4. e3 O-O 5. Bd3 d5 6. cxd5 exd5 7. Ne2 c6 
8. O-O Bd6 9. f3 c5 10. Qe1 Nc6 11. Qh4 h6 12. Bd2 b6 13. Rad1 Nb4 14. Bb1
Ba6 15. Bc1 Re8 16. Rfe1 Nc6 17. Kh1 Ne7 18. dxc5 bxc5 19. Nf4 Be5 20. Nd3
Bd6 21. Nf4 Be5 22. Nd3 Bxd3 23. Bxd3 Qc7 24. Bd2 c4 25. Bb1 Rab8 26. f4 
Bd6 27. Ne2 Rxb2 28. Bc3 Rxb1 29. Rxb1 Ne4 30. Qh5 Qd7 31. Kg1 Nf5 32. Bd4
g6 33. Qh3 h5 34. Rbd1 Bb4 35. Rf1 Rc8 36. Ng3 Nexg3 37. hxg3 Qe6 38. Bxa7
c3 39. g4 hxg4 40. Qxg4 Ra8 41. Rb1 Rxa7 42. Rxb4 Qxe3+ 43. Kh2 Ra8 44. 
Qf3 Qc5 45. Rb3 Rc8 46. Rbb1 Kg7 47. Rf2 Nd6 48. f5 Ne4 49. f6+ Kg8 50. 
Rc2 Qd4 51. Qf4 Qxf6 52. Qxf6 Nxf6 53. Kg3 d4 54. Rd1 Rc4 55. a3 Ne4+ 56. 
Kf3 Nc5 57. Ke2 Kg7 58. g3 Kf6 59. Rcc1 Ke5 60. Ra1 Ke4 0-1

[Event "Novosibirsk"]
[Site "Novosibirsk"]
[Date "1995.??.??"]
[Round "7"]
[White "Ruban, Vadim"]
[Black "Ehlvest, Jaan"]
[Result "1/2-1/2"]
[WhiteElo "2535"]
[BlackElo "2630"]
[EventDate "1995.10.??"]

1. d4 d5 2. c4 e6 3. Nf3 Nf6 4. Nc3 Nbd7 5. cxd5 exd5 6. Bg5 Be7 7. e3 O-O
8. Bd3 Re8 9. O-O c6 10. Qc2 Nf8 11. h3 Be6 12. Rab1 a6 13. b4 N6d7 14. 
Bf4 Ng6 1/2-1/2

[Event "Novosibirsk"]
[Site "Novosibirsk"]
[Date "1995.??.??"]
[Round "11"]
[White "Makarov, Marat"]
[Black "Ehlvest, Jaan"]
[Result "1/2-1/2"]
[WhiteElo "2520"]
[BlackElo "2630"]
[EventDate "1995.10.??"]

1. d4 d5 2. c4 e6 3. Nf3 Nf6 4. Nc3 c6 5. cxd5 exd5 6. Bg5 Be7 7. e3 Bf5 
8. Bd3 Bxd3 9. Qxd3 O-O 10. O-O Nbd7 1/2-1/2

[Event "PCA/Intel-GP"]
[Site "London"]
[Date "1995.??.??"]
[Round "1"]
[White "Sokolov, Ivan"]
[Black "Short, Nigel D"]
[Result "1-0"]
[WhiteElo "2630"]
[BlackElo "2645"]
[EventDate "1995.08.??"]

1. d4 e6 2. c4 Nf6 3. Nf3 d5 4. Nc3 Nbd7 5. cxd5 exd5 6. Bg5 Be7 7. e3 c6 
8. Qc2 O-O 9. Bd3 Re8 10. h3 Nf8 11. O-O-O a5 12. Kb1 b5 13. Ne5 Bb7 14. 
f4 a4 15. g4 a3 16. b3 Rc8 17. Bf5 Rc7 18. Rc1 Bd6 19. Bh4 Qa8 20. g5 N6d7
21. Rhg1 Nb6 22. Bd3 b4 23. Ne2 c5 24. dxc5 Rxc5 25. Qd2 Ba6 26. Nd4 Rxc1+
27. Rxc1 Bxe5 28. fxe5 Bxd3+ 29. Qxd3 Nbd7 30. Qb5 Nxe5 31. Bg3 Nfg6 32. 
h4 Rc8 33. h5 Rxc1+ 34. Kxc1 Qc8+ 35. Kd1 Qg4+ 36. Ne2 Nf3 37. hxg6 hxg6 
38. Qb8+ Kh7 39. Qf4 Qh5 40. Kc2 Nxg5 41. Qh4 Ne4 42. Qxh5+ gxh5 43. Bc7 
g5 44. Ng3 h4 45. Nxe4 dxe4 46. Kd2 f5 47. Ke2 Kg6 48. Bd6 g4 49. Bxb4 g3 
50. Bd6 Kg5 51. b4 Kg4 52. b5 h3 53. Kf1 Kf3 54. Bxg3 Kxg3 55. Kg1 f4 56. 
b6 fxe3 57. b7 e2 58. b8=Q+ Kf3 59. Qf8+ Ke3 60. Qxa3+ Kd2 61. Qb2+ Kd1 
62. Qb1+ Kd2 63. Qb4+ Kd1 64. Qd4+ Kc1 65. Qxe4 Kd2 66. Kf2 Kc3 67. Qxe2 
Kd4 68. Qe3+ Kd5 69. Qxh3 Kc4 70. a4 Kb4 71. Qg4+ Kc5 72. Ke3 Kc6 73. Qf5 
Kd6 74. Kd4 Kc6 75. Qe6+ Kc7 76. Kc5 Kb7 77. Qd7+ Ka6 78. Qc8+ Ka7 79. 
Qc7+ Ka6 80. Qc6+ Ka7 81. Qb5 Ka8 1-0

[Event "PCA/Intel-GP"]
[Site "London"]
[Date "1995.??.??"]
[Round "1"]
[White "Sokolov, Ivan"]
[Black "Short, Nigel D"]
[Result "1-0"]
[WhiteElo "2630"]
[BlackElo "2645"]
[EventDate "1995.08.??"]

1. d4 Nf6 2. c4 e6 3. Nf3 d5 4. Nc3 Nbd7 5. cxd5 exd5 6. Bg5 Be7 7. e3 c6 
8. Qc2 O-O 9. Bd3 Re8 10. h3 Nf8 11. g4 a5 12. O-O-O a4 13. Kb1 Qa5 14. a3
Be6 15. Ne5 Ne4 16. Bxe7 Nxc3+ 17. Qxc3 Qxc3 18. bxc3 Rxe7 19. Kc2 f6 20. 
Nf3 Nd7 21. Rhg1 Rae8 22. h4 b5 23. Rg3 Bf7 24. h5 g5 25. hxg6 hxg6 26. 
Rh1 g5 27. Rgh3 Nf8 28. Ng1 Be6 29. Rh8+ Kg7 30. Bf5 Bxf5+ 31. gxf5 Kf7 
32. Ne2 Rd8 33. Ng3 Rd6 34. Kd3 Kg7 35. R1h6 Kf7 36. Nh5 Re8 37. f3 Red8 
38. Ng3 Ke7 39. e4 dxe4+ 40. Nxe4 Rd5 41. Rxf6 c5 42. Rg8 cxd4 43. Rg7+ 
Ke8 44. Rc6 dxc3+ 45. Kxc3 Rd3+ 46. Kb4 Nd7 47. Rg8+ Ke7 48. Re6+ 1-0

[Event "RUS-ch"]
[Site "Elista"]
[Date "1995.??.??"]
[Round "2"]
[White "Vyzmanavin, Alexey"]
[Black "Smagin, Sergey"]
[Result "1-0"]
[WhiteElo "2605"]
[BlackElo "2545"]
[EventDate "1995.10.??"]

1. d4 Nf6 2. c4 e6 3. Nc3 d5 4. Bg5 Nbd7 5. e3 c6 6. cxd5 exd5 7. Bd3 Be7 
8. Qc2 h6 9. Bh4 Nh5 10. Bxe7 Qxe7 11. Nge2 Nb6 12. O-O O-O 13. Rae1 Re8 
14. Nc1 Nf6 15. Nb3 Be6 16. Nc5 Qc7 17. b4 Nbd7 18. Nb3 Nb6 19. f3 Rad8 
20. Qf2 Nc4 21. Nc5 Bc8 22. e4 b6 23. Nb3 Qe7 24. e5 Nh7 25. b5 cxb5 26. 
Nxb5 Nf8 27. Nc3 Qb4 28. Rc1 Bb7 29. f4 Rc8 30. Nb1 Rc7 31. f5 Rec8 32. 
Rce1 f6 33. exf6 gxf6 34. Qh4 Re7 35. Rxe7 Qxe7 36. Qxh6 Re8 37. h3 Qe3+ 
38. Qxe3 Rxe3 39. Nc1 Nb2 40. Bb5 a6 41. Be2 Re4 42. Nc3 Rxd4 43. Nb3 Rb4 
44. Bf3 d4 45. Nd5 Bxd5 46. Bxd5+ Kg7 47. Rf4 Nd3 48. Rxd4 Rxd4 49. Nxd4 
Kh6 50. g3 Nd7 51. Kg2 N7e5 52. Kf1 Nb4 53. Be6 Nbd3 54. Ke2 b5 55. Nb3 
Nb4 56. Nc5 Kg7 57. Kd2 a5 58. Nb7 Nbc6 59. Nd6 Nd4 60. Ke3 Nec6 61. Ne8+ 
Kf8 62. Nxf6 Ke7 63. Nd5+ Kd6 64. Nf4 b4 65. Ne2 Nxe2 66. Kxe2 a4 67. Kd3 
Ke5 68. Bd7 b3 69. a3 Nd4 70. Bxa4 b2 71. Bc2 Nxf5 72. g4 1-0

[Event "RUS-ch"]
[Site "Elista"]
[Date "1995.??.??"]
[Round "4"]
[White "Vyzmanavin, Alexey"]
[Black "Ivanov, Sergey"]
[Result "1/2-1/2"]
[WhiteElo "2605"]
[BlackElo "2545"]
[EventDate "1995.10.??"]

1. d4 Nf6 2. c4 e6 3. Nc3 d5 4. cxd5 exd5 5. Bg5 c6 6. Qc2 Na6 7. e3 Nb4 
8. Qd2 Bf5 9. Rc1 a5 10. a3 Na6 11. Bd3 Bxd3 12. Qxd3 Be7 13. Nf3 O-O 14. 
h4 Re8 15. Bxf6 Bxf6 16. Kf1 Nb8 17. g3 Nd7 18. Kg2 Be7 19. Na4 Nf6 20. 
Qb3 Rb8 21. Qb6 Qc8 22. Nc3 Ra8 23. Qb3 Bd6 24. Rhe1 h6 25. Nd2 Qf5 26. 
Qc2 1/2-1/2

[Event "Salta Clarin op"]
[Site "Salta"]
[Date "1995.??.??"]
[Round "7"]
[White "Slipak, Sergio"]
[Black "Sorokin, Maxim"]
[Result "1-0"]
[WhiteElo "2520"]
[BlackElo "2550"]
[EventDate "1995.??.??"]

1. c4 e6 2. Nf3 d5 3. d4 Nf6 4. cxd5 exd5 5. Nc3 c6 6. Bg5 Be7 7. e3 Bf5 
8. Bd3 Bxd3 9. Qxd3 O-O 10. Bxf6 Bxf6 11. b4 Nd7 12. O-O a6 13. a4 b5 14. 
e4 dxe4 15. Nxe4 Be7 16. Rfc1 Rc8 17. axb5 axb5 18. Ra6 Bxb4 19. Raxc6 
Rxc6 20. Rxc6 Qe7 21. Neg5 g6 22. h4 Rb8 23. h5 Nf8 24. hxg6 hxg6 25. Qb3 
Ba5 26. Ne5 Bc7 27. Ngxf7 Kg7 28. Qc2 Bxe5 29. Nxe5 Qe8 30. Rc7+ Kg8 31. 
Qb3+ Qe6 32. Qe3 b4 33. Qh6 Qf6 34. Rf7 Qxf7 35. Nxf7 b3 36. Qf4 Rb7 37. 
Nh6+ Kh7 38. Qe4 Rc7 39. Qb1 Kxh6 40. Qxb3 Kg7 41. f3 Rd7 42. Qc4 Kf6 43. 
Kf2 Ne6 44. d5 Nf8 45. Qc6+ Ke7 46. Ke3 Rd6 47. Qc7+ Nd7 48. Kd4 Ra6 49. 
Qc4 Rf6 50. Qc1 Rd6 51. Qe3+ Kf7 52. Qa3 Rf6 53. g3 Rb6 54. f4 Ke8 55. d6 
Kf7 56. Qa2+ Kf6 57. Kd5 Kf5 58. Qc2+ Kf6 59. Qe2 1-0

[Event "YUG-ch"]
[Site "Novi Sad"]
[Date "1995.??.??"]
[Round "?"]
[White "Mozetic, Dejan"]
[Black "Abramovic, Bosko"]
[Result "1-0"]
[WhiteElo "2540"]
[BlackElo "2520"]
[EventDate "1995.02.??"]

1. d4 Nf6 2. c4 e6 3. Nc3 d5 4. cxd5 exd5 5. Bg5 Be7 6. e3 Nbd7 7. Bd3 c6 
8. Qc2 O-O 9. Nge2 Re8 10. O-O Nf8 11. f3 c5 12. Bxf6 Bxf6 13. dxc5 Rxe3 
14. Rad1 Be6 15. Be4 d4 16. Nb5 d3 17. Bxd3 Qe7 18. Nd6 b6 19. c6 Be5 20. 
Ne4 f5 21. N4g3 g6 22. Rfe1 Bd6 23. a3 a5 24. Kh1 Bf7 25. Qd2 Re8 26. Nf1 
Qh4 27. Be4 Rxe2 28. Rxe2 fxe4 29. Qxd6 exf3 30. Rxe8 fxg2+ 31. Kxg2 Bxe8 
32. c7 Qe4+ 33. Kg1 Bc6 34. Qxf8+ Kxf8 35. c8=Q+ Kg7 36. Qc7+ Kh6 37. Qg3 
Qh1+ 38. Kf2 Qe4 1-0